Catalog

Record Details

Catalog Search



Skupinové procesy se zaměřením na skupinovou dynamiku ve skupinové psychoterapii : bakalářská práce Cover Image Book Book

Skupinové procesy se zaměřením na skupinovou dynamiku ve skupinové psychoterapii : bakalářská práce Jan Kubrycht ; Vedoucí práce: Marie Lhotová

Record details

  • Physical Description: 65 s.

Content descriptions

Bibliography, etc. Note:
bibliogr. s. 64

Available copies

  • 1 of 1 copy available at Common Catalog SPOK.

Holds

  • 0 current holds with 1 total copy.
Show Only Available Copies
Location Call Number / Copy Notes Barcode Shelving Location Status Due Date
Jabok Library ABP-0847 424480017650 Absolventské práce Reference -

LDR 00663ntm a22 a 4500
00111629
003CZ-PrJAB
00520120713122546.0
008050329s2003 xr e |||| |cze
009cz
035 . ‡a(CONS)11629
035 . ‡aKPS0014109
0410 . ‡acze
10011. ‡76329 ‡aKubrycht, Jan
110 2. ‡aEvangelická teologická fakulta Univerzity Karlovy
2451 . ‡aSkupinové procesy se zaměřením na skupinovou dynamiku ve skupinové psychoterapii : ‡bbakalářská práce ‡cJan Kubrycht ; Vedoucí práce: Marie Lhotová
260 . ‡aPraha ‡c2003
300 . ‡a65 s.
504 . ‡abibliogr. s. 64
653 . ‡askupina ‡apsychologie ‡askupinové procesy
70011. ‡74189 ‡aLhotová, Marie ‡d1940-
999 . ‡a847-d ‡c847-d ‡i424480017650 ‡tP
999 . ‡a848-d ‡c848-d ‡i424480017659 ‡tP
910 . ‡aABG312
901 . ‡a11629 ‡bUnknown ‡c11629 ‡tbiblio

Additional Resources